00688nam a2200205Ia 450000100060000000800390000604100080004508200140005310000320006724500730009925000120017226000430018430000190022765300210024665300130026765300200028094200120030095201530031299900170046562091080101n ii |||gr||||Z||||||asm aasm a891.41308 aSarmah, Dinanath ,eAuthor. 0aDinanath Sarmar Galpa SamagracBy Dinanath SarmahhTextual Documents aist ed. aGuwahati:bBhabaranjan Sarmah.,c2014. apg 421:c21cm. aAssamese Fiction aAssamese aDeptt- Assamese 2ddccBK 001040708General aSKBLbSKBLcDeptt- Assamesed2008-01-01f00000g250.00l0o891.41308 Sa 74 Dip6331/Asr2024-01-14 00:00:00t1w2008-01-01yBK c63199d63199